|
|
|
|
| LEADER |
02238cas a2200373 i 4500 |
| 001 |
11135769 |
| 003 |
GR-PaULI |
| 005 |
20210117211102.0 |
| 008 |
200611c18879999enkfr p b 0 a0eng d |
| 952 |
|
|
|0 0
|1 0
|2 ddc
|4 0
|6 800_000000000000000
|7 0
|9 241068
|a THST
|b THST
|d 2020-06-11
|i 28
|l 0
|o 800
|r 2020-06-11 00:00:00
|w 2020-06-11
|y JNL
|
| 999 |
|
|
|c 145410
|d 145410
|
| 010 |
|
|
|a 10032843
|
| 022 |
|
|
|a 0009-840X
|
| 040 |
|
|
|a MUL
|b gre
|c MUL
|d OCL
|d UCU
|d YUS
|d COO
|d NSD
|d NYG
|d RCS
|d NSD
|d AIP
|d HUL
|d NSD
|d OCL
|d DLC
|d HUL
|d NST
|d CUS
|d OCL
|d TJC
|d SYS
|d OCL
|d OCLCQ
|d NLM
|d OCLCQ
|d CDS
|d NLGGC
|d CIT
|d OCLCQ
|d WAU
|d UKMGB
|d UMC
|d OCLCF
|d P4I
|d OCLCO
|d EUW
|d OCLCO
|d OCLCQ
|d OCLCO
|d NLC
|d OCLCQ
|d OCLCO
|d OCLCA
|d IUL
|d L2U
|d GR-PaULI
|e AACR2
|
| 082 |
0 |
4 |
|a 800
|
| 222 |
|
0 |
|a Classical review
|b [Περιοδικό]
|
| 245 |
0 |
4 |
|a The Classical review
|h [Περιοδικό].
|
| 260 |
|
|
|a London :
|b D. Nutt ;
|a New York :
|b G.P. Putnam's Sons,
|c 1887-
|
| 260 |
3 |
|
|a Oxford :
|b Published for the Classical Association by Oxford University Press.
|
| 300 |
|
|
|a τόμ. :
|b εικ. ;
|c 23 εκ.
|
| 310 |
|
|
|a Αλλη
|
| 515 |
|
|
|a Issues for Mar. 1951-Dec. 1999 also called v. 65-113 of the continuous series.
|
| 550 |
|
|
|a Organ of the Classical Association, <1950->
|
| 580 |
|
|
|a Beginning in 1907, Classical quarterly, and: Classical review are complementary to each other, between them covering the ground previously occupied by the Classical review.
|
| 650 |
|
4 |
|a Κλασική φιλολογία
|v Περιοδικά.
|9 181156
|
| 650 |
|
4 |
|a Κλασικές γλώσσες
|9 175098
|
| 650 |
|
4 |
|a Αρχαιότητα
|9 121263
|
| 710 |
1 |
|
|a Classical Association (Great Britain)
|9 164056
|
| 776 |
0 |
8 |
|i Online version:
|t Classical review (Online)
|x 1464-3561
|w (DLC) 2002227350
|w (OCoLC)51205309
|
| 785 |
0 |
1 |
|t Classical quarterly
|g 1907-
|x 0009-8388
|w (DLC) 08019521
|w (OCoLC)1166978
|
| 850 |
|
|
|a Πανεπιστήμιο Πατρών. Θεατρικών Σπουδών
|
| 866 |
|
|
|a Θεατρικών Σπουδών : Vol.2-3 (1952-53) - Vol.4 (1954) - Vol.5 (1955) - Vol.6 (1956) - Vol.7 (1957) - Vol.8; no.2, no.3-4 (1958) - Vol.9 (1959) - Vol.10 (1960) - Vol.11 (1961) - Vol.12 (1962) - Vol.13 (1963) - Vol.14 (1964) - Vol.15 (1965) -
|
| 942 |
|
|
|2 ddc
|c JNL
|
| 998 |
|
|
|c ΜΑΝΙΑ
|d 2020-06
|